000 004310000a22001810004500
003 MACL
005 20150901130611.0
008 150901b xxu||||| |||| 00| 0 eng d
040 _aMACL
_cMACL
041 _aEnglish
082 _a800/DHA
100 _aDhawn, R.K.
_98203
245 _aIndian Women Novelists
_bVol 3
260 _bPrestige
_c1993
_aNew Delhi
350 _a250
650 _aLiterature
_98204
942 _cBK
_k800
_2ddc
999 _c3706
_d3706